| 000 | 00505nam a22001817a 4500 | ||
|---|---|---|---|
| 003 | OSt | ||
| 005 | 20180116183049.0 | ||
| 008 | 160727b xxu||||| |||| 00| 0 eng d | ||
| 020 | _a9789332536616 | ||
| 040 | _c0 | ||
| 082 | _a658.514 SHA 2014 | ||
| 100 | _aScott A.Shane | ||
| 245 |
_aTechnology Strategy For Managers And Entrepreneurs _cScott A.Shane |
||
| 260 |
_aIndia _bPEARSON _c2014 |
||
| 300 |
_a382 p. _bPB |
||
| 440 | _aTechnology Strategy For Managers And Entrepreneurs | ||
| 942 |
_2ddc _cBK |
||
| 999 |
_c351568 _d351568 |
||